000 00640cam a2200217 4500500
005 20260329003519.0
041 _afre
042 _adc
100 1 0 _aEltchaninoff, Michel
_eauthor
245 0 0 _aAntonio Gramsci, nouveau mentor de la droite de la droite?
260 _c2015.
500 _a12
690 _aDroite
690 _aGramsci
690 _aLe Pen
690 _aphilo
690 _aphilosophie
690 _aPolitique
786 0 _nPhilosophie magazine | 95 | 12-1 | 2015-12-01 | p. 7-7 | 1951-1787
856 4 1 _uhttps://shs.cairn.info/magazine-philosophie-magazine-2015-12-1-page-7?lang=fr&redirect-ssocas=7080
999 _c1825213
_d1825213